000 00587nam a2200181Ia 4500
008 151018s9999 xx 000 0 und d
082 _bRBASDV4053
_a891.463
100 _aगो वि चिपळूणकर
245 _aमहावीर कर्ण
250 _b3
260 _bचित्रशाळा प्रकाशन
_c1956
300 _a54
600 _aगो वि चिपळूणकर
630 _aमहावीर कर्ण
700 _aगो वि चिपळूणकर
730 _aमहावीर कर्ण
942 _cBOOK
999 _c1006454
_d1006451